Chargement en cours…

Becoming American in Creole New Orleans, 1896-1949 /

"'Becoming American in Creole New Orleans, 1896-1949' picks up the story of New Orleans' Creole community where Caryn Cosse Bell ends her highly-regarded 'Revolution, Romanticism, and the Afro-Creole Protest Tradition in Louisiana, 1718-1868' (LSU Press, 1997). Using Be...

Description complète

Détails bibliographiques
Auteur principal: Barthe, Darryl, Jr (Auteur)
Format: Électronique eBook
Langue:Inglés
Publié: Baton Rouge : Louisiana State University Press, 2021.
Collection:Book collections on Project MUSE.
Sujets:
Accès en ligne:Texto completo

MARC

LEADER 00000cam a22000004a 4500
001 musev2_84450
003 MdBmJHUP
005 20230905052703.0
006 m o d
007 cr||||||||nn|n
008 200929s2021 lau o 00 0 eng d
010 |z  2020043800 
020 |a 9780807175521 
035 |a (OCoLC)1200831425 
040 |a MdBmJHUP  |c MdBmJHUP 
100 1 |a Barthe, Darryl,  |c Jr.,  |e author. 
245 1 0 |a Becoming American in Creole New Orleans, 1896-1949 /   |c Darryl Barthe Jr. 
264 1 |a Baton Rouge :  |b Louisiana State University Press,  |c 2021. 
264 3 |a Baltimore, Md. :  |b Project MUSE,   |c 2021 
264 4 |c ©2021. 
300 |a 1 online resource (230 pages). 
336 |a text  |b txt  |2 rdacontent 
337 |a computer  |b c  |2 rdamedia 
338 |a online resource  |b cr  |2 rdacarrier 
505 0 |a Identifying a historic Louisiana Creole community -- Strangers in their own land -- Cliquish, clannish, organization minded -- The American labor movement in Creole New Orleans -- Learning American at school (and church) -- Conclusion: Creole Americans. 
520 |a "'Becoming American in Creole New Orleans, 1896-1949' picks up the story of New Orleans' Creole community where Caryn Cosse Bell ends her highly-regarded 'Revolution, Romanticism, and the Afro-Creole Protest Tradition in Louisiana, 1718-1868' (LSU Press, 1997). Using Bell's work as a starting point, Darryl Barthe moves the history of New Orleans' Creole community forward, suggesting that the process of 'becoming American' for them occurred due to encounters with Anglo-American modernism in the form of voluntary associations and social sodalities. That process also occurred in both public and parochial schools, where Creole linguistic distinctiveness faded over the twentieth century because of 'English-only' education. Barthe argues that despite the fact of ethnic repression, the transition from Creole identity to American identity was largely voluntary as Creoles embraced the economic opportunities afforded to them through learning English, not the least of which was the ability to emigrate from Louisiana to other states. Indeed, 'becoming American' entailed Creoles adopting a distinctly American language of race and caste, passing as white people or, in an act of indigenous and Francophone erasure, as black people. Before that, they existed in between color lines that recognized them as a group separate from Europeans, Africans, and Amerindians, even though they often shared kinship ties to people from all of those groups. Scholars such as Rebecca Scott, Gwendolyn Midlo Hall, and Caryn Cosse Bell have done much in the last twenty-five years to investigate the role of Louisiana Creoles in the eighteenth and nineteenth centuries, yet none has dedicated extensive study to the role of Creoles after the Civil War. Barthe's study picks up where these scholars left off by analyzing the role that family ties, institutional associations, the erosion of linguistic identity through English-only education, and the American racialized caste order (exemplified in the legal regime of Jim Crow), played in shaping Creole identity in the period between the end of the nineteenth century and the end of World War II. 'Becoming American in Creole New Orleans, 1896-1949' is a critical examination of the interplay of Creolization and Americanization, social processes that often worked in opposition to one another throughout the nineteenth century, and that would continue to frame the limits of Creole identity and cultural expression in New Orleans until the mid-twentieth century. As such, it offers intersectional engagement with subjects that have historically fallen under the purview of sociology, anthropology, and critical theory, including discourses on whiteness, metissage/metisaje, and critical mixed-race theory"--  |c Provided by publisher. 
588 |a Description based on print version record. 
650 7 |a Creoles  |x Social life and customs.  |2 fast  |0 (OCoLC)fst00882835 
650 7 |a Creoles  |x Ethnic identity.  |2 fast  |0 (OCoLC)fst00882827 
650 7 |a Creoles.  |2 fast  |0 (OCoLC)fst00882825 
650 7 |a Americanization.  |2 fast  |0 (OCoLC)fst00807485 
650 0 |a Creoles  |x Ethnic identity. 
650 0 |a Americanization. 
650 0 |a Creoles  |z Louisiana  |z New Orleans  |x History  |y 20th century. 
650 0 |a Creoles  |z Louisiana  |z New Orleans  |x Social life and customs  |y 20th century. 
651 7 |a Louisiana  |z New Orleans.  |2 fast  |0 (OCoLC)fst01204311 
651 0 |a New Orleans (La.)  |x History. 
655 7 |a History.  |2 fast  |0 (OCoLC)fst01411628 
655 7 |a Electronic books.   |2 local 
710 2 |a Project Muse.  |e distributor 
830 0 |a Book collections on Project MUSE. 
856 4 0 |z Texto completo  |u https://projectmuse.uam.elogim.com/book/84450/ 
945 |a Project MUSE - Custom Collection 
945 |a Project MUSE - 2021 Complete 
945 |a Project MUSE - 2021 US Regional Studies, South 
945 |a Project MUSE - 2021 American Studies